|
|
|
|
| LEADER |
00000nkm a2200000 a 4500 |
| 001 |
vtls008303042 |
| 003 |
SK-MaSNL |
| 005 |
20260512130142.0 |
| 007 |
kp bo |
| 008 |
230706q1916 xo g 00 k|hun |
| 015 |
|
|
|a SNBG1916
|
| 035 |
|
|
|a urn:nbn:sk:snk-km00ehm3
|
| 035 |
|
|
|a urn:nbn:sk:snk-km45xv0
|
| 035 |
|
|
|a F07926D5-706E-49B8-BB33-71B74A18ECCF
|
| 040 |
|
|
|a SNK
|b slo
|c SNK
|e AACR2
|
| 041 |
0 |
|
|a hun
|
| 043 |
|
|
|a e-xo---
|
| 044 |
|
|
|a xo
|c SK
|
| 072 |
|
7 |
|a 913
|x Regionálna geografia
|2 konspekt
|
| 080 |
|
|
|a 913(437.6)
|2 2011
|
| 080 |
|
|
|a (084.121)
|2 2011
|
| 080 |
|
|
|a 726.822
|2 2011
|
| 245 |
0 |
0 |
|a Mosócz
|h grafika
|b Br. Révay sirbolt
|
| 260 |
|
|
|a Turóczszentmárton
|b Kiadó Hegedüs I.
|c [1916?]
|
| 300 |
|
|
|a 1 pohľadnica
|b čiernobiela
|c 14 x 9 cm
|
| 500 |
|
|
|a Názvové údaje prevzaté z obrazovej časti pohľadnice
|
| 520 |
8 |
|
|a Zobrazenie: Pohľad na mauzóleum Révayovcov, postavené v pseudogotickom slohu roku 1911. Vpravo a vľavo je na zábere časť stromov.
|
| 600 |
3 |
7 |
|a Révai (rod)
|2 SNKMA
|9 216708
|
| 650 |
0 |
7 |
|a mauzóleá
|2 SNKPH
|9 3021
|
| 651 |
|
7 |
|a Mošovce (Turčianske Teplice, Slovensko)
|2 SNKPHgeo
|9 72655
|
| 655 |
|
7 |
|a miestne pohľadnice
|2 SNKPH
|9 70510
|
| 752 |
|
|
|a Slovensko
|d Martin
|
| 852 |
|
|
|a Slovenská národná knižnica
|
| 958 |
|
|
|a GBN
|
| 958 |
|
|
|a GC
|
| 958 |
|
|
|a ONDV
|
| 999 |
|
|
|c 1164063
|d 1165993
|
| 952 |
|
|
|a SNK
|b SNK
|y PREZ
|7 0
|p 17A0483622
|o snkSP 18226
|z Pohľadnica prešla poštou.
|0 0
|1 0
|4 0
|d 2005-10-14
|f 1
|l 0
|r 2026-02-24 20:43:42
|w 2026-02-24
|